| 000 | 00762nam a2200205 a 4500 | ||
|---|---|---|---|
| 001 | 812 | ||
| 003 | CDMR | ||
| 005 | 20131205132453.0 | ||
| 008 | 130130s1974||||||||||||||||||||||||||||d | ||
| 020 | _a8403181981 | ||
| 040 |
_aCDMR _bcat _cCDMR |
||
| 100 | 1 |
_aKlapper, Joseph Thomas _9639 |
|
| 245 | 1 | 0 |
_aEfectos de las comunicaciones de masas _b: poder y limitaciones de los medios modernos de difusión _cJoseph T. Klapper ; traducción por José Aurelio Álvarez Remón ; revisión por Josefina Culebras Abril |
| 260 |
_aMadrid _c1974 _bAguilar |
||
| 300 | _a266 p. | ||
| 490 | 0 |
_aBiblioteca de Ciencias Sociales Aguilar. _aSociología |
|
| 650 | 0 | 4 |
_93542 _aMitjans de comunicació de massa _xInfluència |
| 650 | 0 | 4 |
_94446 _aPersuasió (Psicologia) |
| 942 |
_cMON _2udc |
||
| 999 |
_c812 _d812 |
||